Statistics for -IOUS Vocabulary Words

Click here to take the quiz!

General Stats

  • This quiz has been taken 198 times
  • The average score is 13 of 20

Answer Stats

clueword% Correct
yummyddelicious
97%
very funnyhhilarious
91%
having lots of spacesspacious
91%
intending to do harmmmalicious
87%
to do with beliefs of godrreligious
87%
at home in both land and wateraamphibious
80%
self-evidentoobvious
80%
boringttedious
79%
not willing to take bold risksccautious
70%
living through the feelings of another personvvicarious
65%
deeply religiousppious
63%
poisonousnnoxious
59%
requiring much effortllaborious
56%
asleepuunconscious
56%
the life of the partyggregarious
47%
very attentive to detailffastidious
46%
slowly and subtly causing harmiinsidious
35%
shockingly badeegregious
32%
willing to take bold risksaaudacious
18%
arrogant, domineeringiimperious
17%

Score Distribution

Percentile by Number Answered

Percent of People with Each Score

Your Score History

You have not taken this quiz